ბათუმის შოთა რუსთაველის სახელმწიფო უნივერსიტეტის ბიბლიოთეკა

Строительные конструкции. (ბიბ.ჩანაწერი № 50746)

000 -LEADER
fixed length control field 00628nam a2200205Ia 4500
001 - CONTROL NUMBER
control field 17698
003 - CONTROL NUMBER IDENTIFIER
control field GE_BSU
008 - FIXED-LENGTH DATA ELEMENTS--GENERAL INFORMATION
fixed length control field 181216s||||||||xx |||||||||||||| ||und||
040 ## - CATALOGING SOURCE
Transcribing agency GE_BSU
100 ## - MAIN ENTRY--PERSONAL NAME
Personal name Овечкин,А.М. Маилян,Р.Л. Мамедов,Г.М. и др.
245 ## - TITLE STATEMENT
Title Строительные конструкции.
245 ## - TITLE STATEMENT
Remainder of title Учебник.
245 ## - TITLE STATEMENT
Statement of responsibility, etc. Под ред. А.М.Овечкина и Р.Л.Маиляна.
250 ## - EDITION STATEMENT
Edition statement Изд. 2-ое, перераб. и доп.
260 ## - PUBLICATION, DISTRIBUTION, ETC.
Place of publication, distribution, etc. М.
260 ## - PUBLICATION, DISTRIBUTION, ETC.
Name of publisher, distributor, etc. Стройиздат.
260 ## - PUBLICATION, DISTRIBUTION, ETC.
Date of publication, distribution, etc. 1975.
300 ## - PHYSICAL DESCRIPTION
Extent 487 стр. 27 см.
942 ## - ADDED ENTRY ELEMENTS (KOHA)
Koha item type წიგნი
ეგზემპლარები
Withdrawn status Lost status Damaged status Not for loan Date acquired Barcode Date last seen Price effective from Koha item type
        2018-12-17 10012 2018-12-17 2018-12-17 წიგნი
        2018-12-17 10013 2018-12-17 2018-12-17 წიგნი